| 000 | 01131nam a22002897a 4500 | ||
|---|---|---|---|
| 001 | 8169 | ||
| 003 | FISKH | ||
| 005 | 20250901092935.0 | ||
| 008 | 250901b cb ||||| |||| 00| 0 eng d | ||
| 020 | _a9780439178815 | ||
| 040 |
_aFISKH _beng _cFISKH _dFISKH |
||
| 050 | _aPZ7.M47396 S | ||
| 082 | _a176 | ||
| 100 |
_aMazer, Anne _d(1953-) |
||
| 245 |
_aThe amazing days of Abby Hayes : _bLook before you leap! / _cAnne Mazer |
||
| 250 | _aThis edition first published in 2001 | ||
| 260 |
_aNew York : _bScholastic, _c2001 |
||
| 300 |
_a137 pages : _c20 cm |
||
| 505 | _aJ | ||
| 520 | _a"It's summer, and Abby Hayes has nothing to do. So it's the perfect time to get a pet! Abby is sure that she can handle the responsibility. But things don't go as planned, and by the time she adopts a kitten, Abby's summer has taken a turn for the better. She has a new friend at camp and a contest to win. Can she keep up with her kitten, too?"--Cover. | ||
| 521 | 8 |
_a460
_bLexile |
|
| 521 | 8 |
_aJ
_bRaz-Plus |
|
| 650 |
_2Abby Hayes _aRealistic |
||
| 650 |
_2Purple bookshelf _aAmenta |
||
| 942 |
_2ddc _cBK _n0 |
||
| 999 |
_c8169 _d8169 |
||